Statistics for Fantastic Beasts Characters by Picture

Click here to take the quiz!

General Stats

  • This quiz has been taken 330 times
  • The average score is 9 of 16

Answer Stats

Answer% Correct
Newt Scamander
94%
Albus Dumbledore
90%
Gellert Grindelwald
82%
Nagini
74%
Tina Goldstein
73%
Jacob Kowalski
71%
Queenie Goldstein
70%
Leta Lestrange
66%
Credence Barebone
62%
Nicolas Flamel
54%
Theseus Scamander
50%
Aberforth Dumbledore
38%
Yusuf Kama
26%
Bunty Broadacre
23%
Eulalie Hicks
16%
Mary Lou Barebone
16%

Score Distribution

Percentile by Number Answered

Percent of People with Each Score

Your Score History

You have not taken this quiz